000 00562nam a22001697a 4500
082 _a200
100 _aAnwar, Humaira
245 _asynthesis, structural and Microwave Properties of Nano Ferrites /
_cHumaira Anwar
260 _aIslamabad:
_bSCME - NUST,
_c2014.
300 _a128 p.: ill.;
_c35cm.
650 _aPhD-Materials Engineering
_9123162
700 _aAsghari Maqsood.
_919511
856 _uhttp://10.250.8.41:8080/xmlui/handle/123456789/22202
942 _2ddc
_cTHE
999 _c528004
_d528004